000 00540cam a22002171 4500
001 ne 64003072
003 DLC
005 20260227111807.0
008 881021s1958 xx 000 0 ara
010 _ane 64003072
035 _a(OCoLC)23521138
040 _aDLC
_cMiU
_dDLC
043 _aa-iq---
050 0 0 _aHJ2999.I7
_bA97
100 1 _aʻAzzāwī, ʻAbbās.
245 1 0 _aTārīkh al-ḍarāʼib al-ʻIrāqīyah.
260 _c1958.
300 _a148 p.
_c25 cm.
500 _aRomanized.
650 0 _aTaxation
_zIraq
_xHistory.
999 _c47620
_d47620